Overcoming Frustration & Building Confidence (Disc 1) (Record no. 61309)
[ view plain ]
| 000 -LEADER | |
|---|---|
| fixed length control field | 00341nam a2200121Ia 4500 |
| 008 - FIXED-LENGTH DATA ELEMENTS--GENERAL INFORMATION | |
| fixed length control field | 221007s9999 xx 000 0 und d |
| 041 ## - LANGUAGE CODE | |
| Language code of text/sound track or separate title | eng |
| 082 ## - DEWEY DECIMAL CLASSIFICATION NUMBER | |
| Classification number | 158.1 |
| Item number | SWA |
| 100 ## - MAIN ENTRY--PERSONAL NAME | |
| Personal name | Swami Bodhamayananda |
| 9 (RLIN) | 96862 |
| 245 ## - TITLE STATEMENT | |
| Title | Overcoming Frustration & Building Confidence (Disc 1) |
| 260 ## - PUBLICATION, DISTRIBUTION, ETC. (IMPRINT) | |
| Date of publication, distribution, etc. | 2010 |
| Name of publisher, distributor, etc. | Ramakrishna Math |
| Place of publication, distribution, etc. | Pune |
| 906 ## - LOCAL DATA ELEMENT F, LDF (RLIN) | |
| a | 2 |
| b | General |
| Withdrawn status | Lost status | Damaged status | Not for loan | Home library | Current library | Date acquired | Vendor | Cost, normal purchase price | Bill number | Total Checkouts | Full call number | Barcode | Date last seen | Cost, replacement price | Bill Date | Koha item type | Original Barcode |
|---|---|---|---|---|---|---|---|---|---|---|---|---|---|---|---|---|---|
| Smt. Hiraben Nanavati Institute of Management & Research for Women | Smt. Hiraben Nanavati Institute of Management & Research for Women | 06/03/2010 | Ramakrishna Math | 40.00 | CRB251 | 158.1 SWA | HIMR-AV-1143 | 07/10/2022 | 38.00 | 26/02/2010 | Video Casset | AV1143 |